000 00481nam a2200169Ia 4500
999 _c28149
_d28149
003 OSt
005 20210107094559.0
008 190216s9999||||xx |||||||||||||| ||und||
040 _coclc
082 _a894.812301
_bKAV/P
100 _aKavilraj
_98220
245 0 _aPuranathile Sundarimar /
_cKavilraj
260 _bPoorna Publications,
_aKozhikode:
_c2000.
300 _a135p
650 _aKathakal
942 _cBK
_2ddc
_h894.812301
_iKAV/P
_k894.812301
_mKAV/P